Wird geladen...
Outgrowing God : a beginner's guide /
Should we believe in God? In this new book, written for a new generation, the brilliant science writer and author of The God Delusion, explains why we shouldn't. Should we believe in God? Do we need God in order to explain the existence of the universe? Do we need God in order to be good? In tw...
| 1. Verfasser: | |
|---|---|
| Format: | Printed Book |
| Sprache: | English |
| Veröffentlicht: |
Great Britain :
Bantam Press,
2019
|
| Schlagworte: |
| LEADER | 02164cam a22002657i 4500 | ||
|---|---|---|---|
| 008 | 190507t20192019enkaf 001 0 eng d | ||
| 010 | |a 2019452345 | ||
| 015 | |a GBB9B7532 |2 bnb | ||
| 016 | 7 | |a 019454630 |2 Uk | |
| 020 | |a 9781787631212 | ||
| 082 | 0 | 4 | |a 211.8 |2 23 |
| 100 | 1 | |a Dawkins, Richard, |d 1941- | |
| 245 | 1 | 0 | |a Outgrowing God : |b a beginner's guide / |c Richard Dawkins. |
| 260 | |a Great Britain : |b Bantam Press, |c 2019 | ||
| 300 | |a 294p. ; |c 23 cm | ||
| 500 | |a Includes index. | ||
| 505 | 0 | |a Part one: Goodbye God / 1 So many gods! -- 2 But is it true? -- 3 Myths and how they start -- 4 The good book? -- 5 Do we need God in order to be good? -- 6 How do we decide what is good? -- Part two: Evolution and beyond / 7 Surely there must be a designer? -- 8 Steps towards improbability -- 9 Crystals and jigsaw puzzles -- 10 Bottom up or top down? -- 11 Did we evolve to be religious? Did we evolve to be nice? -- 12 Taking courage from science -- Picture acknowledgements -- Index. | |
| 520 | |a Should we believe in God? In this new book, written for a new generation, the brilliant science writer and author of The God Delusion, explains why we shouldn't. Should we believe in God? Do we need God in order to explain the existence of the universe? Do we need God in order to be good? In twelve chapters that address some of the most profound questions human beings confront, Dawkins marshals science, philosophy and comparative religion to interrogate the hypocrisies of all the religious systems and explain to readers of all ages how life emerged without a Creator, how evolution works and how our world came into being. For anyone hoping to grapple with the meaning of life and what to believe, Outgrowing God is a challenging, thrilling and revelatory read. | ||
| 650 | 0 | |a Atheism. | |
| 776 | 0 | 8 | |i Ebook version : |z 9781473563513 |
| 906 | |a 7 |b cbc |c copycat |d 3 |e ncip |f 20 |g y-gencatlg | ||
| 942 | |c BK | ||
| 955 | |b hf12 2020-02-28 z-processor |i hf07 2020-03-09 to BCCD | ||
| 999 | |c 351206 |d 351206 | ||
| 952 | |0 0 |1 0 |2 ddc |4 0 |6 211_800000000000000_DAW_O |7 0 |9 405709 |a UL |b UL |c ST1 |d 2020-06-26 |g 443.26 |l 1 |o 211.8 DAW/O |p 102744 |q 2021-12-26 |r 2021-11-26 |s 2021-11-26 |v 599.00 |y BK | ||